Advances in Biochemical Engineering-Biotechnology
Sábháilte in:
| Príomhchruthaitheoir: | |
|---|---|
| Formáid: | LEABHAR |
| Teanga: | Béarla |
| Foilsithe / Cruthaithe: |
Berlín
Springer-Verlag
1983
|
| Ábhair: | |
| Clibeanna: |
Cuir clib leis
Níl clibeanna ann, Bí ar an gcéad duine le clib a chur leis an taifead seo!
|
MARC
| LEADER | 00000nam a2200000 a 4500 | ||
|---|---|---|---|
| 001 | UCV6056 | ||
| 003 | CL-VaPUC | ||
| 008 | 900621e19830000GW |||||||||||||||||eng|d | ||
| 082 | 0 | 4 | |a 660.6 |b FIE |2 21 |
| 100 | 0 | |a Fiechter, A |e author |9 300289 | |
| 245 | 1 | 0 | |a Advances in Biochemical Engineering-Biotechnology |
| 300 | |a v | ||
| 942 | |c BK | ||
| 945 | |d 19900621 00:00:00 | ||
| 260 | |a Berlín |b Springer-Verlag |c 1983 | ||
| 500 | |a v.26: Dowstream processing | ||
| 500 | |a v.27: Pentoses and lignin | ||
| 500 | |a v.28: Microbial activities | ||
| 500 | |a v.29: Immobilized biocatalysts. Saccharomyces yeasts. Wasterwater treatment | ||
| 500 | |a v.30: Bioprocess. Parameter control | ||
| 500 | |a v.31: Plant cell culture | ||
| 500 | |a v.33: Bioproducts | ||
| 500 | |a v.34: Vertebrate. Cell culture I | ||
| 500 | |a v.35: Biotechnology: methods | ||
| 500 | |a v.36: Enzyme studies | ||
| 500 | |a v.37: Bioprocesses including. Animal cell culture | ||
| 500 | |a v.38: Lignocellulosic materials | ||
| 500 | |a v.39: Vertebrate. Cell culture II and Enzyme technology | ||
| 500 | |a v.40: Bioprocess and engineering | ||
| 500 | |a v.41: Microbial products | ||
| 500 | |a v.42: Bioprocess and applied enzymology | ||
| 500 | |a v.43: Applied molecular genetics | ||
| 500 | |a v.44: Bioreactor systems and effects | ||
| 500 | |a v.45: Enzymes and products from bacteria Fungi and plant cells | ||
| 500 | |a v.46: Modern biochemical engineering | ||
| 500 | |a v.47: Bioseparation | ||
| 500 | |a v.48: Bioprocess design and control | ||
| 500 | |a v.49: Chromatography | ||
| 500 | |a v.50: Measurement and control | ||
| 500 | |a v.52: Microbial and enzymatic bioproducts | ||
| 650 | 7 | |a CULTIVO DE CELULAS |2 CL-VaPUC |9 263001 | |
| 650 | 0 | |a Biotecnología |9 259561 | |
| 650 | 0 | |a Bioquímica |9 259492 | |
| 650 | 7 | |a INGENIERIA QUIMICA |2 CL-VaPUC |9 8 | |
| 650 | 0 | |a Tecnología química |9 263002 | |
| 583 | |a last modification |c 19900621 00:00:00 |k Rodrigo Vera | ||
| 999 | |c 212308 |d 212306 | ||
| 952 | |0 0 |1 0 |4 0 |6 660_600000000000000_FIE_1983 |7 0 |8 A |9 193058 |a BIBING |b BIBING |d 2019-11-14 |h v.26 |i 2607999 |o 660.6 FIE 1983 |p 2607999 |r 2025-01-20 |w 2019-11-14 |y BK |k EIB | ||
| 952 | |0 0 |1 0 |4 0 |6 660_600000000000000_FIE_1983 |7 0 |8 A |9 193059 |a BIBING |b BIBING |d 2019-11-14 |h v.28 |i 2608006 |o 660.6 FIE 1983 |p 2608006 |r 2025-01-20 |w 2019-11-14 |y BK |k EIB | ||
| 952 | |0 0 |1 0 |4 0 |6 660_600000000000000_FIE_1983 |7 0 |8 A |9 193060 |a BIBING |b BIBING |d 2019-11-14 |h v.29 |i 2608014 |o 660.6 FIE 1983 |p 2608014 |r 2025-01-20 |w 2019-11-14 |y BK |k EIB | ||
| 952 | |0 0 |1 0 |4 0 |6 660_600000000000000_FIE_1983 |7 0 |8 A |9 193061 |a BIBING |b BIBING |d 2019-11-14 |h v.33 |i 2608022 |o 660.6 FIE 1983 |p 2608022 |r 2025-01-20 |w 2019-11-14 |y BK |k EIB | ||
| 952 | |0 0 |1 0 |4 0 |6 660_600000000000000_FIE_1983 |7 0 |8 A |9 193062 |a BIBING |b BIBING |d 2019-11-14 |h v.34 |i 2608030 |o 660.6 FIE 1983 |p 2608030 |r 2025-01-20 |w 2019-11-14 |y BK |k EIB | ||
| 952 | |0 0 |1 0 |4 0 |6 660_600000000000000_FIE_1983 |7 0 |8 A |9 193063 |a BIBING |b BIBING |d 2019-11-14 |h v.35 |i 2608049 |o 660.6 FIE 1983 |p 2608049 |r 2025-01-20 |w 2019-11-14 |y BK |k EIB | ||
| 952 | |0 0 |1 0 |4 0 |6 660_600000000000000_FIE_1983 |7 0 |8 A |9 193064 |a BIBING |b BIBING |d 2019-11-14 |h v.36 |i 2608057 |o 660.6 FIE 1983 |p 2608057 |r 2025-01-20 |w 2019-11-14 |y BK |k EIB | ||
| 952 | |0 0 |1 0 |4 0 |6 660_600000000000000_FIE_1983 |7 0 |8 A |9 193065 |a BIBING |b BIBING |d 2019-11-14 |h v.37 |i 2608065 |o 660.6 FIE 1983 |p 2608065 |r 2025-01-20 |w 2019-11-14 |y BK |k EIB | ||
| 952 | |0 0 |1 0 |4 0 |6 660_600000000000000_FIE_1983 |7 0 |8 A |9 193066 |a BIBING |b BIBING |d 2019-11-14 |h v.38 |i 2608073 |o 660.6 FIE 1983 |p 2608073 |r 2025-01-20 |w 2019-11-14 |y BK |k EIB | ||
| 952 | |0 0 |1 0 |4 0 |6 660_600000000000000_FIE_1983 |7 0 |8 A |9 193067 |a BIBING |b BIBING |d 2019-11-14 |h v.39 |i 2608081 |o 660.6 FIE 1983 |p 2608081 |r 2025-01-20 |w 2019-11-14 |y BK |k EIB | ||
| 952 | |0 0 |1 0 |4 0 |6 660_600000000000000_FIE_1983 |7 0 |8 A |9 193068 |a BIBING |b BIBING |d 2019-11-14 |h v.40 |i 260809K |o 660.6 FIE 1983 |p 260809K |r 2025-01-20 |w 2019-11-14 |y BK |k EIB | ||
| 952 | |0 0 |1 0 |4 0 |6 660_600000000000000_FIE_1983 |7 0 |8 A |9 193069 |a BIBING |b BIBING |d 2019-11-14 |h v.41 |i 2608103 |o 660.6 FIE 1983 |p 2608103 |r 2025-01-20 |w 2019-11-14 |y BK |k EIB | ||
| 952 | |0 0 |1 0 |4 0 |6 660_600000000000000_FIE_1983 |7 0 |8 A |9 193070 |a BIBING |b BIBING |d 2019-11-14 |h v.42 |i 2608111 |o 660.6 FIE 1983 |p 2608111 |r 2025-01-20 |w 2019-11-14 |y BK |k EIB | ||
| 952 | |0 0 |1 0 |4 0 |6 660_600000000000000_FIE_1983 |7 0 |8 A |9 193071 |a BIBING |b BIBING |d 2019-11-14 |h v.43 |i 260812K |o 660.6 FIE 1983 |p 260812K |r 2025-01-20 |w 2019-11-14 |y BK |k EIB | ||
| 952 | |0 0 |1 0 |4 0 |6 660_600000000000000_FIE_1983 |7 0 |8 A |9 193072 |a BIBING |b BIBING |d 2019-11-14 |h v.44 |i 2978911 |o 660.6 FIE 1983 |p 2978911 |r 2025-01-20 |w 2019-11-14 |y BK |k EIB | ||
| 952 | |0 0 |1 0 |4 0 |6 660_600000000000000_FIE_1983 |7 0 |8 A |9 193073 |a BIBING |b BIBING |d 2019-11-14 |h v.45 |i 2978954 |o 660.6 FIE 1983 |p 2978954 |r 2025-01-20 |w 2019-11-14 |y BK |k EIB | ||
| 952 | |0 0 |1 0 |4 0 |6 660_600000000000000_FIE_1983 |7 0 |8 A |9 193074 |a BIBING |b BIBING |d 2019-11-14 |h v.46 |i 2978970 |o 660.6 FIE 1983 |p 2978970 |r 2025-01-20 |w 2019-11-14 |y BK |k EIB | ||
| 952 | |0 0 |1 0 |4 0 |6 660_600000000000000_FIE_1983 |7 0 |8 A |9 193075 |a BIBING |b BIBING |d 2019-11-14 |h v.47 |i 2978962 |o 660.6 FIE 1983 |p 2978962 |r 2025-01-20 |w 2019-11-14 |y BK |k EIB | ||
| 952 | |0 0 |1 0 |4 0 |6 660_600000000000000_FIE_1983 |7 0 |8 A |9 193076 |a BIBING |b BIBING |d 2019-11-14 |h v.48 |i 2978946 |o 660.6 FIE 1983 |p 2978946 |r 2025-01-20 |w 2019-11-14 |y BK |k EIB | ||
| 952 | |0 0 |1 0 |4 0 |6 660_600000000000000_FIE_1983 |7 0 |8 A |9 193077 |a BIBING |b BIBING |d 2019-11-14 |h v.49 |i 2978938 |o 660.6 FIE 1983 |p 2978938 |r 2025-01-20 |w 2019-11-14 |y BK |k EIB | ||
| 952 | |0 0 |1 0 |4 0 |6 660_600000000000000_FIE_1983 |7 0 |8 A |9 193078 |a BIBING |b BIBING |d 2019-11-14 |h v.50 |i 297892K |o 660.6 FIE 1983 |p 297892K |r 2025-01-20 |w 2019-11-14 |y BK |k EIB | ||
| 952 | |0 0 |1 0 |4 0 |6 660_600000000000000_FIE_1983 |7 0 |8 A |9 193079 |a BIBING |b BIBING |d 2019-11-14 |h v.52 |i 3183459 |o 660.6 FIE 1983 |p 3183459 |r 2025-01-20 |w 2019-11-14 |y BK |k EIB | ||
| 952 | |0 0 |1 0 |4 0 |6 660_600000000000000_FIE_1983 |7 0 |8 A |9 193080 |a BIBING |b BIBING |d 2019-11-14 |h v.27 |i 1699873 |o 660.6 FIE 1983 |p 1699873 |r 2025-01-20 |w 2019-11-14 |y BK |k EIB | ||
| 952 | |0 0 |1 0 |4 0 |6 660_600000000000000_FIE_1983 |7 0 |8 A |9 193081 |a BIBING |b BIBING |d 2019-11-14 |h v.30 |i 1699962 |o 660.6 FIE 1983 |p 1699962 |r 2025-01-20 |w 2019-11-14 |y BK |k EIB | ||
| 952 | |0 0 |1 0 |4 0 |6 660_600000000000000_FIE_1983 |7 0 |8 A |9 193082 |a BIBING |b BIBING |d 2019-11-14 |h v.31 |i 1699830 |o 660.6 FIE 1983 |p 1699830 |r 2025-01-20 |w 2019-11-14 |y BK |k EIB | ||